• AIU
  • Tony Wilmot Memorial Library

Cultural anthropology of the Middle East : (Record no. 57202)

MARC details
000 -LEADER
fixed length control field 01177fam a2200349 a 4500
001 - CONTROL NUMBER
control field 1094983
003 - CONTROL NUMBER IDENTIFIER
control field OSt
005 - DATE AND TIME OF LATEST TRANSACTION
control field 20130604123629.0
008 - FIXED-LENGTH DATA ELEMENTS--GENERAL INFORMATION
fixed length control field 920108m19929999ne b 001 0 eng
010 ## - LIBRARY OF CONGRESS CONTROL NUMBER
LC control number 92000100
020 ## - INTERNATIONAL STANDARD BOOK NUMBER
International Standard Book Number 9004096043 (cloth : v. 1)
035 ## - SYSTEM CONTROL NUMBER
System control number (OCoLC)25204560
035 ## - SYSTEM CONTROL NUMBER
System control number (OCoLC)ocm25204560
035 ## - SYSTEM CONTROL NUMBER
System control number (NNC)1094983
040 ## - CATALOGING SOURCE
Original cataloging agency DLC
Transcribing agency DLC
Modifying agency NNC
043 ## - GEOGRAPHIC AREA CODE
Geographic area code aw-----
050 00 - LIBRARY OF CONGRESS CALL NUMBER
Classification number Z3014.E85
Item number S77 1992
Classification number GN640
082 00 - DEWEY DECIMAL CLASSIFICATION NUMBER
Classification number 016.306/0956
Edition number 20
100 1# - MAIN ENTRY--PERSONAL NAME
Personal name Strijp, Ruud.
245 10 - TITLE STATEMENT
Title Cultural anthropology of the Middle East :
Remainder of title a bibliography /
Statement of responsibility, etc by Ruud Strijp.
260 ## - PUBLICATION, DISTRIBUTION, ETC. (IMPRINT)
Place of publication, distribution, etc Leiden ;
-- New York :
Name of publisher, distributor, etc Brill,
Date of publication, distribution, etc 1992-
263 ## - PROJECTED PUBLICATION DATE
Projected publication date 9204
300 ## - PHYSICAL DESCRIPTION
Extent v. ;
Dimensions 25 cm.
490 1# - SERIES STATEMENT
Series statement Handbuch der Orientalistik. Erste Abteilung, Der Nahe und der Mittlere Osten,
International Standard Serial Number 0169-9423 ;
Volume number/sequential designation 10 Bd., 27 Bd.
500 ## - GENERAL NOTE
General note Includes index.
505 1# - FORMATTED CONTENTS NOTE
Formatted contents note v. 1. 1965-1987 -- v. 2. 1988-1992
650 #0 - SUBJECT ADDED ENTRY--TOPICAL TERM
Topical term or geographic name as entry element Ethnology
Geographic subdivision Middle East
Form subdivision Bibliography.
651 #0 - SUBJECT ADDED ENTRY--GEOGRAPHIC NAME
Geographic name Middle East
General subdivision Social life and customs
Form subdivision Bibliography.
830 #0 - SERIES ADDED ENTRY--UNIFORM TITLE
Uniform title Handbuch der Orientalistik.
Number of part/section of a work Erste Abteilung,
Name of part/section of a work Nahe und der Mittlere Osten ;
Volume number/sequential designation 10. Bd, etc.
942 ## - ADDED ENTRY ELEMENTS (KOHA)
Source of classification or shelving scheme Library of Congress Classification
Koha item type Reference
Holdings
Withdrawn status Lost status Source of classification or shelving scheme Damaged status Not for loan Collection code Home library Current library Shelving location Date acquired Source of acquisition Cost, normal purchase price Total Checkouts Full call number Barcode Date last seen Price effective from Koha item type
    Library of Congress Classification     Reference AIU/NEGST - Tony Wilmot Memorial Library AIU/NEGST - Tony Wilmot Memorial Library Reference 06/04/2013 Donation-TBN 60.00   REF Z 3014.E85S77 1992 R27063W3232 07/09/2014 06/04/2013 Reference
    Library of Congress Classification     Reference AIU/NEGST - Tony Wilmot Memorial Library AIU/NEGST - Tony Wilmot Memorial Library Reference 06/20/2013   60.00   REF Z3014.E85 S77 1992 R27443Y3232 07/09/2014 06/20/2013 Reference